| 000 | 00000nam##2200000za#4500 |
| 001 | 9.695255 |
| 003 | CaOODSP |
| 005 | 20210624234507 |
| 007 | cr ||||||||||| |
| 008 | 150407|2009||||xxc|||||o f|0| 0 eng|d |
| 040 | |aCaOODSP|beng |
| 043 | |an-cn--- |
| 086 | 1 |aYM20-10/2009E-PDF |
| 245 | 00|aCurrent state of research activities on the Parliament of Canada : |h[electronic resource]|bsummary of published scholarship on Canadian institutions and scholars' activities other than publication (conference papers and winning grants) / |cby Sharon Sutherland. |
| 246 | 1 |aCurrent state of research activities on the Parliament of Canada as of 2009 |
| 260 | |aOttawa - Ontario : |bLibrary of Parliament |cJune 2009. |
| 300 | |a27p.|breferences |
| 590 | |a12-30-Supp|b2012-06-28 |
| 690 | 07|aParliament|2gcpds |
| 710 | 1 |aCanada. |bLibrary of Parliament. |
| 720 | 1 |aSutherland, Sharon |
| 775 | 08|tÉtat actuel des activités de recherche sur le Parlement du Canada : |w(CaOODSP)9.639401 |
| 856 | 40|ahttp://publications.gc.ca|qPDF|s93 KB|uhttps://publications.gc.ca/collections/collection_2011/bdp-lop/YM20-10-2009-eng.pdf |